01796agaaa2200289 45000010005000000030009000050050017000140070009000310080040000400400023000800410013001031000048001161300017001642450188001812500022003692600148003913000034005395080171005735110092007445200402008365380016012385460013012546500056012677000060013237000053013837000070014364678IT-RoPAU20220918181231.0d cvaizq50131s9999||||xx ||| | || ||und|| aIT-RoPAUcIT-RoPAU aITALIANO aCosta FabriziogCodice regista SPICS: 50379 aMADRE TERESA aMADRE TERESAcProdotto da: Bernabei Luca -- Sceneggiatura: Scardamaglia Francesco Cerofolini Massimo -- Diretto da: Costa FabriziopMADRE TERESA (Rif. Codice opera principale : H4678) aEdizione Standard a(ITALO - ANGLO - SPA)bRAI FICTION - LUX VIDE - RAI TRADE - MTP - EUR / Distribuzione: CANALE5g"2003 (1° ed.: 2004 ; Ed. Lingua Orig.: n.d.)" aVHSbsonoro, col.c200 minuti a"Fotografia: Galasso Giovanni; Montaggio: Lucidi Alessandro; Musica: Farley Guy; Sceneggiatura: Scardamaglia Francesco Cerofolini Massimo; Scenografia: Kelly Errol; " a"Hussey Olivia; Somma Sebastiano; Mendl Michael; Rubio Ingrid; Hamilton Emily; Ayesa G" aFILM TV. CALCUTTA 1950. PADRE SERRANO E' STATO INCARICATO DALL'ARCIVESCOVODI CALCUTTA, PERIER, DI DOCUMENTARSI SULL'ATTIVITA' DI UNA STRANA SUORA, MADRE TERESA. DAL SUO RESOCONTO DIPENDE L'APPROVAZIONE DELLA CONGREGAZIONE CHE LA SUORA VUOLE FONDARE. IL PADRE VISITA GLI SLUMS, DOVE MADRE TERESA VIVE E OPERA, PER CONOSCERLA DI PERSONA, RENDERSI CONTO DEL SUO LAVORO, ASCOLTARE LE SUE ESPERIENZE... aPAL, STEREO aITALIANO aBIOGRAFICOeFILMS [VHS]xCodice MATERIA SPICS: 9960 aCosta Fabrizio e(regista)gCodice regista SPICS: 50379 aFarley Guye(musica)gCodice Musica SPICS: 57741 aScardamaglia Francesco e(soggetto)gCodice Soggetto SPICS: 32801